[Event "Voronezh Region-ch Seniors"]
[Site "Voronezh"]
[Date "2009.11.28"]
[Round "9.5"]
[White "Khripunov, Alexander"]
[Black "Zolotukhin, Alexander"]
[Result "1/2-1/2"]
[WhiteElo "1983"]
[BlackElo "1673"]
[PlyCount "34"]
[EventDate "2009.11.20"]
[EventType "swiss"]
[EventRounds "9"]
[EventCountry "RUS"]
[SourceTitle "EXT 2022"]
[Source "ChessBase"]
[SourceDate "2021.10.06"]
[SourceVersion "1"]
[SourceVersionDate "2021.10.06"]
[SourceQuality "1"]

1. c4 e5 2. Nc3 Nf6 3. g3 Bc5 4. Bg2 0-0 5. e3 d6 6. a3 a6 7. Nge2 Nc6 8. b4 Ba7 9. Qc2 Ne7 10. d4 exd4 11. exd4 d5 12. c5 c6 13. Be3 Nf5 14. Bg5 h6 15. Bxf6 Qxf6 16. h3 Bb8 17. Rd1 Bc7 1/2-1/2

[Event "Voronezh Region-ch Seniors"]
[Site "Voronezh"]
[Date "2008.11.21"]
[Round "4"]
[White "Leun, Victor"]
[Black "Khripunov, Alexander"]
[Result "0-1"]
[WhiteElo "1961"]
[BlackElo "1993"]
[PlyCount "117"]
[EventDate "2008.11.18"]
[EventType "swiss"]
[EventRounds "9"]
[EventCountry "RUS"]
[SourceTitle "EXT 2010"]
[Source "ChessBase"]
[SourceDate "2010.11.25"]
[SourceVersion "1"]
[SourceVersionDate "2010.11.25"]
[SourceQuality "1"]

1. e4 c5 2. Nc3 Nc6 3. g3 g6 4. Bg2 Bg7 5. d3 d6 6. f4 e6 7. Nf3 Nge7 8. Be3 b6 9. 0-0 0-0 10. Rb1 Bb7 11. Ne2 d5 12. c3 Qc7 13. Qe1 Rad8 14. g4 Ba6 15. Rd1 dxe4 16. dxe4 Rxd1 17. Qxd1 Rd8 18. Re1 Bd3 19. Ng5 h6 20. Nh3 f5 21. gxf5 exf5 22. e5 Qd7 23. Nf2 Ba6 24. Kh1 Nd5 25. Bc1 Nce7 26. Rg1 Kh7 27. Bf3 Bb7 28. Rg3 Bc6 29. Qg1 Nc7 30. Bxc6 Qxc6+ 31. Qg2 Qd5 32. h4 h5 33. Rd3 Qxg2+ 34. Kxg2 Rxd3 35. Nxd3 Ne6 36. Kf3 Bf8 37. a4 Nc6 38. Be3 Be7 39. Bf2 Kg8 40. b3 Kf7 41. Nb2 Na5 42. Nc1 Ke8 43. Be1 Kd7 44. b4 cxb4 45. cxb4 Nc6 46. Nbd3 Ned4+ 47. Kg3 Nc2 48. b5 Nd8 49. Ne2 Ne6 50. Bc3 Nc5 51. Nxc5+ Bxc5 52. Kf3 Ke6 53. a5 Kd5 54. axb6 axb6 55. Kg3 Kc4 56. e6 Be7 57. Bg7 Kxb5 58. Bh6 Kc6 59. Bg7 0-1

[Event "Voronezh Region-ch Seniors"]
[Site "Voronezh"]
[Date "2007.11.22"]
[Round "3"]
[White "Khripunov, Alexander"]
[Black "Cherednichenko, Viktor"]
[Result "0-1"]
[WhiteElo "1986"]
[BlackElo "1960"]
[PlyCount "90"]
[EventDate "2007.11.20"]
[EventType "swiss"]
[EventRounds "9"]
[EventCountry "RUS"]
[SourceTitle "EXT 2022"]
[Source "ChessBase"]
[SourceDate "2021.10.06"]
[SourceVersion "1"]
[SourceVersionDate "2021.10.06"]
[SourceQuality "1"]

1. c4 b6 2. d4 e6 3. Nc3 Bb4 4. Qc2 Bb7 5. Bd2 Qh4 6. e3 Qg4 7. Nge2 f5 8. h3 Qh4 9. Ng3 Bd6 10. Nge2 a6 11. g3 Qh5 12. Rg1 g5 13. b4 Nf6 14. c5 Be7 15. f4 h6 16. Nd1 Be4 17. Qc1 Nc6 18. Nf2 Bf3 19. Nc3 Rg8 20. fxg5 hxg5 21. Be2 Kf7 22. Bxf3 Qxf3 23. Qd1 Qxd1+ 24. Kxd1 bxc5 25. bxc5 Rab8 26. Kc2 d6 27. cxd6 Bxd6 28. g4 f4 29. Nfe4 Rbd8 30. Nxf6 Kxf6 31. Ne4+ Ke7 32. Kc3 e5 33. Kc4 exd4 34. exd4 Rg6 35. Bc3 Kd7 36. a4 Be7 37. d5 Na7 38. Bb4 Nc8 39. Bxe7 Nb6+ 40. Kc5 Kxe7 41. Rad1 Nd7+ 42. Kd4 Rh8 43. Rd3 Rb8 44. Re1 Rb4+ 45. Kc3 Rxa4 0-1

[Event "Voronezh Region-ch Seniors"]
[Site "Voronezh"]
[Date "2007.11.20"]
[Round "1"]
[White "Khashimov, Vasily"]
[Black "Khripunov, Alexander"]
[Result "1-0"]
[WhiteElo "2188"]
[BlackElo "1986"]
[PlyCount "51"]
[EventDate "2007.11.20"]
[EventType "swiss"]
[EventRounds "9"]
[EventCountry "RUS"]
[SourceTitle "EXT 2022"]
[Source "ChessBase"]
[SourceDate "2021.10.06"]
[SourceVersion "1"]
[SourceVersionDate "2021.10.06"]
[SourceQuality "1"]

1. d4 Nf6 2. c4 g6 3. Nc3 d5 4. e3 Bg7 5. Nf3 c6 6. Qb3 e6 7. Be2 Nbd7 8. 0-0 0-0 9. Qc2 dxc4 10. Bxc4 Nb6 11. Be2 Nbd5 12. e4 Nxc3 13. bxc3 Qc7 14. e5 Nd5 15. c4 Nb4 16. Qb3 a5 17. a3 Na6 18. c5 Qd7 19. Bxa6 Rxa6 20. Be3 Qd5 21. Rab1 f6 22. Qc3 Qd8 23. Nd2 g5 24. Nc4 h6 25. a4 Bd7 26. Rxb7 1-0